The life and life-work of Pope Leo XIII (Registro nro. 304367)

Detalles MARC
000 -ENCABEZADO
Número de control [NR] 02239cam a22003371 4500
001 - NÚMERO DE CONTROL
control field 8198042
005 - FECHA Y HORA DE LA ÚLTIMA TRANSACCIÓN
control field 20160823105019.0
008 - DE LONGITUD FIJA DE DATOS DE ELEMENTOS - INFORMACIÓN GENERAL
Elementos de longitud fija [NR] 780907s1903 a fr 001 0 eng d
010 ## - NUMERO DE CONTROL DE LA BIBLIOTECA DEL CONGRESO (LC) [NR]
Número de control LC [NR] 03018947
035 ## - NUMERO DE CONTROL DEL SISTEMA [R]
Número de control del sistema [NR] (OCoLC)4204065
040 ## - FUENTE DE CATALOGACION [NR]
Agencia de catalogación original [NR] DLC
Quien Cataloga Sandra Yazo
Quien Clasifica Sandra Yazo
041 0# - CODIGO DE IDIOMA [R]
Código de idioma para texto/pista de sonido o título separado [R] Inglés
042 ## - CODIGO DE AUTENTICACION [NR]
Código de autenticación [R] premarc
050 00 - SIGNATURA TOPOGRAFICA DE LA BIBLIOTECA DEL CONGRESO (LC) [R]
Número clasificador [R] BX1374
Número del ítem [NR] .M27 1903
082 04 - NUMERO DE CLASIFICACION DECIMAL DEWEY [R]
Número de la edición [NR] 20
Número de clasificación [R] 922.21
092 ## - SIGNATURA TOPOGRAFICA LOCAL
Número de clasificación local E40N138
100 1# - ASIENTO PRINCIPAL--NOMBRE PERSONAL [NR]
Nombre personal [NR] McGovern, James J.
Forma más completa del nombre [NR] (James Joseph)
Fechas asociadas con el nombre [NR] 1839-1914
ID Autoridad 79046
242 10 - TRADUCCION DEL TITULO POR LA AGENCIA CATALOGADORA [R]
Título [NR] Vida y obra del Papa Leo XII
Mención de responsabilidad, etc. [NR] por Rev. James J. McGovern
Código de idioma del título traducido [NR] spa
245 04 - MENCION DE TITULO [NR]
Título [NR] The life and life-work of Pope Leo XIII
Mención de responsabilidad, etc. [NR] By Rev. James J. McGovern
260 ## - PUBLICACION, DISTRIBUCION, ETC. (PIE DE IMPRENTA) [R]
Lugar de publicación, distribución, etc. [R] [Lugar desconocido
Nombre del editor, distribuidor, etc. [R] [Editorial desconocida]
Fecha de publicación, distribución, etc. [R] 1903
300 ## - DESCRIPCION FISICA [R]
Extensión [R] 445 páginas
Otros detalles físicos [NR] ilustraciones
Dimensiones [R] 25 x 19 cm
500 ## - NOTA GENERAL [R]
Nota general [NR] Detalles físicos: Encuadernación rígida en cartón forrado en tela. Tapa delantera con adornos repujados, pintados en dorado y negro, y detalle en papel. Guardas simulando papel de agua. Portada impresa en una sola tinta, enmarcada en doble recuadro. Hoja de cortesía con una anotación manuscrita. Texto impreso en una sola columna. Varias ilustraciones entre el texto, algunas a color. Faltan varias páginas
505 0# - NOTA DE CONTENIDO CON FORMATO PREESTABLECIDO [R]
Nota de contenido con formato preestablecido [NR] La sede romana ; Lugar de nacimiento y familia ;Primeros años y educación en el hogar ; Vida universitaria y experiencias ; Filosofía y teología ; Casa del Prelado papal y ordenaciones ; Gobernador delegado para Benevento y Hungría ; Nuncio para la ciudad de Bruselas ; Diplomático y eclesiástico ; Visita a Inglaterra y a Francia ; Obispo de Perugia ; Labores a favor del Clero ; Elevación a Cardinal ; Invasión de las provincias romanes ; Cardenal Pecci en poder temporal ; El consejo vaticano ; Coronación del papa Leo XIII ; El vaticano – El hogar de los papas ; Alocución para el mundo ; Primeros intereses del Papa Leo ; Iglesia católica en Estados Unidos y Canada ; Poemas y Anecdotas
506 ## - NOTA DE RESTRICCIONES DE ACCESO [R]
Condiciones de acceso [NR] Consulta en sala
546 ## - NOTA DE IDIOMA [R]
Nota de idioma [NR] Texto en inglés
600 1# - ASIENTO SECUNDARIO DE MATERIA - NOMBRE PERSONAL [R]
Nombre personal [NR] Leo
Numeración [NR] XIII
Títulos y otras palabras asociadas con el nombre [R] Papa
Fechas asociadas con el nombre [NR] 1810-1903
9 (RLIN) 79047
650 #7 - ASIENTO SECUNDARIO DE MATERIA - TERMINO TEMATICO [R]
9 (RLIN) 7894
Término temático o nombre geográfico como elemento de entrada [NR] Papas
Subdivisión general [R] Biografías
690 ## - ASUNTO AGREGADO LOCAL DE ENTRADA - TÉRMINO TEMÁTICO (OCLC, RLIN)
Acceso temático local Biografías
9 (RLIN) 7343
856 48 - LOCALIZACION Y ACCESO ELECTRONICOS [R]
Identificador Uniforme del Recurso (“URI”) [R] <a href="https://archive.org/details/lifelifeworkofpo00mcgouoft">https://archive.org/details/lifelifeworkofpo00mcgouoft</a>
Nota dirigida al público [R] Disponible en línea
942 ## - ELEMENTOS DE ENTRADA AGREGADOS (KOHA)
Sistema de clasificación LOCAL
Tipo de ítem principal el descrito en 300a Libro
Edición 1
Clasificación E40N138
Existencias
Suprimido Perdido Sistema de clasificación Dañado No prestable Tipo de ítem específico Ubicación habitual Ubicación actual Localización Fecha de creación Forma de adquisición Costo Total préstamos Signatura topográfica Código de barras Última vez visto Ejemplar Price effective from Tipo de ítem
    LOCAL     Libro archivo Archivo Histórico Archivo Histórico Archivo histórico 23/08/2016 Donación 0.00   E40N138 L005835 23/08/2016 Ej.1 23/08/2016 Libro